Реконструкция границ рынка для выбора новой стратегии организации; Проблемы управления рыночной экономикой; Т. 2

Dettagli Bibliografici
Parent link:Проблемы управления рыночной экономикой: межрегиональный сборник научных трудов/ Национальный исследовательский Томский политехнический университет (ТПУ) ; под ред. И. Е. Никулиной ; Л. Р. Тухватулиной ; Н. В. Черепановой.— , 2015
Т. 2.— 2015.— [С. 38-40]
Autore principale: Примаков В. В.
Ente Autore: Национальный исследовательский Томский политехнический университет (ТПУ) Институт социально-гуманитарных технологий (ИСГТ) Кафедра менеджмента (МЕН)
Altri autori: Гвоздев Н. И. Николай Иванович (научный руководитель)
Riassunto:Заглавие с титульного экрана
Lingua:russo
Pubblicazione: 2015
Serie:Менеджмент
Soggetti:
Accesso online:http://earchive.tpu.ru/handle/11683/19249
http://www.lib.tpu.ru/fulltext/c/2015/C53/V2/010.pdf
Natura: Elettronico Capitolo di libro
KOHA link:https://koha.lib.tpu.ru/cgi-bin/koha/opac-detail.pl?biblionumber=614116

MARC

LEADER 00000naa2a2200000 4500
001 614116
005 20231101132806.0
035 |a (RuTPU)RU\TPU\conf\12280 
035 |a RU\TPU\conf\12279 
090 |a 614116 
100 |a 20150909d2015 k y0rusy50 ca 
101 0 |a rus 
102 |a RU 
105 |a y z 101zy 
135 |a drgn ---uucaa 
181 0 |a i  
182 0 |a b 
200 1 |a Реконструкция границ рынка для выбора новой стратегии организации  |f В. В. Примаков  |g науч. рук. Н. И. Гвоздев 
203 |a Текст  |c электронный 
225 1 |a Менеджмент 
230 |a 1 компьютерный файл (pdf; 516 Kb) 
300 |a Заглавие с титульного экрана 
320 |a [Библиогр.: с. 40 (3 назв.)] 
337 |a Adobe Reader 
461 1 |0 (RuTPU)RU\TPU\conf\10370  |t Проблемы управления рыночной экономикой  |o межрегиональный сборник научных трудов  |h Вып. 16  |f Национальный исследовательский Томский политехнический университет (ТПУ) ; под ред. И. Е. Никулиной ; Л. Р. Тухватулиной ; Н. В. Черепановой  |d 2015 
463 1 |0 (RuTPU)RU\TPU\conf\11904  |t Т. 2  |v [С. 38-40]  |d 2015 
610 1 |a труды учёных ТПУ 
610 1 |a электронный ресурс 
610 1 |a предприятия 
610 1 |a рынки 
610 1 |a стратегии организации 
610 1 |a конкуренция 
610 1 |a бизнес-среда 
700 1 |a Примаков  |b В. В. 
702 1 |a Гвоздев  |b Н. И.  |c экономист  |c доцент Томского политехнического университета, кандидат технических наук  |c заместитель директора по учебной работе Института социально-гуманитарных технологий  |f 1947-  |g Николай Иванович  |2 stltpush  |4 727 
712 0 2 |a Национальный исследовательский Томский политехнический университет (ТПУ)  |b Институт социально-гуманитарных технологий (ИСГТ)  |b Кафедра менеджмента (МЕН)  |h 150  |2 stltpush  |3 (RuTPU)RU\TPU\col\18855 
801 2 |a RU  |b 63413507  |c 20210211  |g RCR 
856 4 |u http://earchive.tpu.ru/handle/11683/19249 
856 4 |u http://www.lib.tpu.ru/fulltext/c/2015/C53/V2/010.pdf 
942 |c BK